| 000 | 00000nas 2200000zi 4500 |
| 001 | 9.931962 |
| 003 | CaOODSP |
| 005 | 20250127105251 |
| 006 | m o d f |
| 007 | cr cn||||||||| |
| 008 | 240103c20239999oncar p o f0 a0eng|d |
| 022 | |a2817-9943 |
| 040 | |aCaOODSP|beng|erda|cCaOODSP |
| 043 | |an-cn--- |
| 086 | 1 |aHP2-33E-PDF |
| 110 | 2 |aPublic Health Agency of Canada.|eauthor, |eissuing body. |
| 222 | 0|aPublic Health Agency of Canada accessibility progress report |
| 245 | 10|aPublic Health Agency of Canada accessibility progress report. |
| 264 | 1|aOttawa, ON : |bPublic Health Agency of Canada = Agence de la santé publique du Canada, |c2024- |
| 310 | |aAnnual |
| 336 | |atext|btxt|2rdacontent |
| 337 | |acomputer|bc|2rdamedia |
| 338 | |aonline resource|bcr|2rdacarrier |
| 362 | 1 |aBegan with: 2023. |
| 500 | |aIssued also in French under title: Rapport d'étape sur l'accessibilité de l'Agence de la santé publique du Canada. |
| 588 | |aDescription based on: 2023; title from PDF cover page. |
| 588 | |aLatest issue consulted: 2023. |
| 610 | 20|aPublic Health Agency of Canada |vPeriodicals. |
| 650 | 0|aBarrier-free design|zCanada|xPlanning|vPeriodicals. |
| 650 | 0|aPeople with disabilities|xGovernment policy|zCanada|vPeriodicals. |
| 655 | 7|aPeriodicals|2lcgft |
| 775 | 08|tRapport d'étape sur l'accessibilité de l'Agence de la santé publique du Canada.|w(CaOODSP)9.931963 |